<?xml version="1.0" encoding="UTF-8"?>
<record
    xmlns:xsi="http://www.w3.org/2001/XMLSchema-instance"
    xsi:schemaLocation="http://www.loc.gov/MARC21/slim http://www.loc.gov/standards/marcxml/schema/MARC21slim.xsd"
    xmlns="http://www.loc.gov/MARC21/slim">

  <leader>00726nam a2200217Ia 4500</leader>
  <controlfield tag="008">200901s9999||||xx |||||||||||||| ||und||</controlfield>
  <datafield tag="041" ind1=" " ind2=" ">
    <subfield code="a">chi</subfield>
    <subfield code="h">eng</subfield>
  </datafield>
  <datafield tag="050" ind1=" " ind2=" ">
    <subfield code="a">BV1370.P45</subfield>
    <subfield code="b">.G37 1985</subfield>
  </datafield>
  <datafield tag="100" ind1=" " ind2=" ">
    <subfield code="a">Garrard, Mary N. </subfield>
  </datafield>
  <datafield tag="245" ind1=" " ind2="0">
    <subfield code="a">&#x9748;&#x547D;&#x6DF1;&#x8655; : </subfield>
    <subfield code="b">&#x8CD3;&#x5E2B;&#x6BCD;&#x50B3;&#x8A18; /</subfield>
    <subfield code="c">&#x845B;&#x6717;&#x8482; (Mary N Garrard) &#x8457;; &#x6234;&#x81F4;&#x9032;&#x8B6F;</subfield>
  </datafield>
  <datafield tag="246" ind1=" " ind2=" ">
    <subfield code="a">&#x7075;&#x547D;&#x6DF1;&#x5904; : </subfield>
    <subfield code="b">&#x5BBE;&#x5E08;&#x6BCD;&#x4F20;&#x8BB0;/</subfield>
  </datafield>
  <datafield tag="260" ind1=" " ind2=" ">
    <subfield code="a">&#x53F0;&#x5317;&#x5E02; : </subfield>
    <subfield code="b">&#x6A44;&#x6B16;&#x57FA;&#x91D1;&#x6703;,</subfield>
  </datafield>
  <datafield tag="300" ind1=" " ind2=" ">
    <subfield code="a">2, 214 p.</subfield>
    <subfield code="b">;</subfield>
    <subfield code="c">22 cm.</subfield>
  </datafield>
  <datafield tag="500" ind1=" " ind2=" ">
    <subfield code="a">Translation of: Mrs. Penn-Lewis : a memoir.</subfield>
  </datafield>
  <datafield tag="650" ind1=" " ind2=" ">
    <subfield code="a">Christian women -- Religious life.</subfield>
  </datafield>
  <datafield tag="650" ind1=" " ind2=" ">
    <subfield code="a">Penn-Lewis, Jessie, -- 1861-1927.</subfield>
  </datafield>
  <datafield tag="650" ind1=" " ind2=" ">
    <subfield code="a">World Young Women's Christian Association.</subfield>
  </datafield>
  <datafield tag="700" ind1=" " ind2=" ">
    <subfield code="a">&#x6234;&#x81F4;&#x9032;</subfield>
  </datafield>
  <datafield tag="700" ind1=" " ind2=" ">
    <subfield code="a">&#x845B;&#x6717;&#x8482;</subfield>
  </datafield>
  <datafield tag="952" ind1=" " ind2=" ">
    <subfield code="0">0</subfield>
    <subfield code="1">0</subfield>
    <subfield code="4">0</subfield>
    <subfield code="7">0</subfield>
    <subfield code="a">GETS</subfield>
    <subfield code="b">GETS</subfield>
    <subfield code="c">GEN</subfield>
    <subfield code="d">2020-09-01</subfield>
    <subfield code="l">0</subfield>
    <subfield code="o">BV1370.P45 .G37 1985</subfield>
    <subfield code="p">00014397</subfield>
    <subfield code="r">2020-09-01 00:00:00</subfield>
    <subfield code="w">2020-09-01</subfield>
    <subfield code="y">CB</subfield>
  </datafield>
  <datafield tag="999" ind1=" " ind2=" ">
    <subfield code="c">27156</subfield>
    <subfield code="d">27156</subfield>
  </datafield>
</record>
